MARC

LEADER 00000nam0a2200000 4500
001 314051
005 20231102002635.0
035 |a (RuTPU)RU\TPU\book\339461 
090 |a 314051 
100 |a 20160208d1976 km y0rusy50 ca 
101 0 |a rus 
102 |a RU 
105 |a a z 001zy 
200 1 |a Тепловая микроскопия материалов  |f М. Г. Лозинский 
210 |a Москва  |c Металлургия  |d 1976 
215 |a 304 с.  |c ил. 
320 |a Библиогр.: с. 297-301 
320 |a Предм. указ.: с. 302-303 
606 1 |a Металлы  |x Микроскопические исследования  |2 stltpush  |3 (RuTPU)RU\TPU\subj\43145  |9 62703 
610 1 |a тепловая диагностика 
610 1 |a технические средства 
610 1 |a высокотемпературные методы 
610 1 |a аппаратура 
610 1 |a строение 
610 1 |a низкие температуры 
610 1 |a металлические композиты 
610 1 |a слоистые материалы 
610 1 |a микротвердометрия 
675 |a 669:620.18  |v 4 
700 1 |a Лозинский  |b М. Г.  |g Михаил Григорьевич 
801 1 |a RU  |b 63413507  |c 20160208 
801 2 |a RU  |b 63413507  |c 20200113  |g RCR 
942 |c BK